00831nam a2200253 a 45000010005000000030008000050050017000130080041000300200015000710350018000860400032001040410008001360820027001441000028001712450147001992600032003463000035003785000020004135040030004336500040004636500023005036500022005267000029005483852BD-RjUL20211208233807.0170105s1982 moua b 001 0 eng d a0801648424 a(BD-RjUL)3886 aDLCcDLCdDLCdBD-RjULbeng aeng00a371.9042223bSWE 19821 aSwanson, H. Lee,d1947-10aEducational and psychological assessment of exceptional children :btheories, strategies, and applications /cH. Lee Swanson, Billy L. Watson. aSt. Louis :bMosby,cc1982. axvii, 468 p. :bill. ;c25 cm. aIncludes index. aBibliography: p. 431-454. 0aEducational tests and measurements. 0aSpecial education. 0aAbilityxTesting.1 aWatson, Billy L.,d1933-